Donde? / (Record no. 27026)

MARC details
000 -LEADER
fixed length control field 00775nam a22002537a 4500
001 - CONTROL NUMBER
control field sjds
003 - CONTROL NUMBER IDENTIFIER
control field sjds
005 - DATE AND TIME OF LATEST TRANSACTION
control field 20220808221220.0
008 - FIXED-LENGTH DATA ELEMENTS--GENERAL INFORMATION
fixed length control field 220523b mxx||||| |||| 00| 0 spad
020 ## - INTERNATIONAL STANDARD BOOK NUMBER
International Standard Book Number 9789501106091 (pbk.)
020 ## - INTERNATIONAL STANDARD BOOK NUMBER
International Standard Book Number 9501106098 (pbk.)
020 ## - INTERNATIONAL STANDARD BOOK NUMBER
International Standard Book Number 9789501180473 (series)
040 ## - CATALOGING SOURCE
Transcribing agency sjds
041 ## - LANGUAGE CODE
Language code of text/sound track or separate title spa
Language code of original eng
100 ## - MAIN ENTRY--PERSONAL NAME
Personal name Smith, Kathie Billingslea
245 ## - TITLE STATEMENT
Title Donde? /
Statement of responsibility, etc. textos de Kathie Billingslea Smith ; ilustraciones de Robert S. Storms ; traduccion de Olga Colella.
260 ## - PUBLICATION, DISTRIBUTION, ETC. (IMPRINT)
Place of publication, distribution, etc. mexico :
Name of publisher, distributor, etc. Sigmar,
Date of publication, distribution, etc. 2004, c1987
300 ## - PHYSICAL DESCRIPTION
Extent 24 unnumbered pages :
Other physical details color illustrations ;
Dimensions 21 cm
440 ## - SERIES STATEMENT/ADDED ENTRY--TITLE
Title Coleccion Mil Preguntas
500 ## - GENERAL NOTE
General note Translation of: Where?
700 ## - ADDED ENTRY--PERSONAL NAME
Personal name Storms, Robert S
700 ## - ADDED ENTRY--PERSONAL NAME
Personal name Colella, Olga.
942 ## - ADDED ENTRY ELEMENTS (KOHA)
Koha item type Libro/Book
Holdings
Withdrawn status Lost status Damaged status Not for loan Home library Current library Date acquired Total Checkouts Full call number Barcode Date last seen Date checked out Price effective from Koha item type Checked out Inventory number
        Azul y Blanco -- Satellite Azul y Blanco 23/05/2022 1 JNC 35201597 18/03/2026 18/03/2026 23/05/2022 Libro/Book 22/04/2026 inventory date: 22-1-25
        Barbudos -- Satellite Barbudos -- Satellite 23/05/2022   JNC 35802049 23/05/2022   23/05/2022 Libro/Book   Inventory date: 7/7/25
        Capulin -- Satellite Capulin -- Satellite 23/05/2022   JNC 35102047 23/05/2022   23/05/2022 Libro/Book   Inventory date: 7/7/25
        Carrizal -- Satellite Carrizal -- Satellite 23/05/2022   JNC 3700465 23/05/2022   23/05/2022 Libro/Book   Inventory date: 13-1-25
        Genizero -- Satellite Genizero -- Satellite 23/05/2022 3 JNC 35602045 22/02/2024 22/02/2024 23/05/2022 Libro/Book 28/03/2024  
        Las Brisas 1 -- Satellite Las Brisas 1 -- Satellite 23/05/2022   JNC 40002288 23/05/2022   23/05/2022 Libro/Book    
        Las Brisas 2 -- Satellite Las Brisas 2 -- Satellite 23/05/2022   JNC 40102287 23/05/2022   23/05/2022 Libro/Book   Inventory date: 7/4/25
        Las Pampas -- Satellite Las Pampas -- Satellite 23/05/2022 1 JNC 35702044 20/05/2024 20/05/2024 23/05/2022 Libro/Book   inventory date: 17-1-25
        Monte Cristo -- Satellite Monte Cristo -- Satellite 23/05/2022   JNC 40202285 23/05/2022   23/05/2022 Libro/Book    
        San Jeronimo -- Satellite San Jeronimo -- Satellite 23/05/2022   JNC 35902256 23/05/2022   23/05/2022 Libro/Book   inventory date: 14-1-25
        San Juan Del Sur -- Biblioteca San Juan Del Sur -- Biblioteca 23/05/2022 1 JNC 30029501 18/11/2022 11/10/2022 23/05/2022 Libro/Book    
        San Juan Del Sur -- Mobile San Juan Del Sur -- Mobile 08/08/2022 3 JNC 33016400 10/04/2024 10/04/2024 08/08/2022 Libro/Book   Inventory date: 10-2-25
        Sevadilla -- Satellite Sevadilla -- Satellite 23/05/2022   JNC 35402046 23/05/2022   23/05/2022 Libro/Book    
        Zaragoza -- Satellite Zaragoza -- Satellite 23/05/2022 1 JNC 35502044 21/02/2024 21/02/2024 23/05/2022 Libro/Book 27/03/2024  

Powered by Koha